ბათუმის შოთა რუსთაველის სახელმწიფო უნივერსიტეტის ბიბლიოთეკა

ებრაული თემა ქართულ მწერლობაში (ბიბ.ჩანაწერი № 43131)

000 -LEADER
fixed length control field 01048nam a2200241Ia 4500
001 - CONTROL NUMBER
control field 9852
003 - CONTROL NUMBER IDENTIFIER
control field GE_BSU
008 - FIXED-LENGTH DATA ELEMENTS--GENERAL INFORMATION
fixed length control field 181216s||||||||xx |||||||||||||| ||und||
020 ## - INTERNATIONAL STANDARD BOOK NUMBER
International Standard Book Number 9789941006586
040 ## - CATALOGING SOURCE
Transcribing agency GE_BSU
080 ## - UNIVERSAL DECIMAL CLASSIFICATION NUMBER
Universal Decimal Classification number 821.353.1.09+94(479.22:569.4)+94(=411.16)(479.22)
100 ## - MAIN ENTRY--PERSONAL NAME
Personal name ნიკოლეიშვილი,ავთანდილ
245 ## - TITLE STATEMENT
Title ებრაული თემა ქართულ მწერლობაში
245 ## - TITLE STATEMENT
Statement of responsibility, etc. რედ:სოსო სიგუა, რუბენ ენუქაშვილი
260 ## - PUBLICATION, DISTRIBUTION, ETC.
Place of publication, distribution, etc. ქუთაისი
260 ## - PUBLICATION, DISTRIBUTION, ETC.
Name of publisher, distributor, etc. საგამომცემლო ცენტრი
260 ## - PUBLICATION, DISTRIBUTION, ETC.
Date of publication, distribution, etc. 2008
300 ## - PHYSICAL DESCRIPTION
Extent 320გვ;20სმ
300 ## - PHYSICAL DESCRIPTION
Other physical details გარეკანზე:შოთა რუსთაველის პორტრეტი იერუსალიმის ჯვრის მონასტერში.
653 ## - INDEX TERM--UNCONTROLLED
Uncontrolled term ებრაული თემა ქართულ მწერლობაში
942 ## - ADDED ENTRY ELEMENTS (KOHA)
Koha item type წიგნი
ეგზემპლარები
Withdrawn status Lost status Damaged status Not for loan Date acquired Barcode Date last seen Price effective from Koha item type
        2018-12-17 33210 2018-12-17 2018-12-17 წიგნი
        2018-12-17 33211 2018-12-17 2018-12-17 წიგნი